| 000 | 00481nam a2200145 a 4500 | ||
|---|---|---|---|
| 005 | 20140414132110.0 | ||
| 008 | 110514s19uu xx 00 eng d | ||
| 050 |
_aM 793.73 _bH36 2003 |
||
| 100 | _aHeimann, Rolf. | ||
| 245 |
_aThe astounding astromaze / _cRolf Heimann. |
||
| 260 |
_aSurry Hills, N.S.W. : Little Hare ; : _b[London : Bounce!] [distributor] , _c2003. |
||
| 650 |
_aMaze puzzles _xJuvenile literature. |
||
| 650 |
_aZodiac -- _xJuvenile literature. |
||
| 999 |
_c114723 _d114723 |
||